<?xml version="1.0" encoding="UTF-8"?>
<marc:record xmlns:marc="http://www.loc.gov/MARC21/slim">
   <marc:leader>00000nam a2200000 a 4500</marc:leader>
   <marc:datafield ind1="1" ind2=" " tag="100">
      <marc:subfield code="a">Bannalec, Jean-Luc</marc:subfield>
      <marc:subfield code="4">aut</marc:subfield>
      <marc:subfield code="e">Verfasser/-in</marc:subfield>
   </marc:datafield>
   <marc:datafield ind1="0" ind2="0" tag="245">
      <marc:subfield code="a">Bretonische Flut</marc:subfield>
   </marc:datafield>
   <marc:datafield ind1="0" ind2="0" tag="245">
      <marc:subfield code="b">Kommissar Dupins fünfter Fall</marc:subfield>
   </marc:datafield>
   <marc:datafield ind1="0" ind2="0" tag="245">
      <marc:subfield code="c">Jean-Luc Bannalec</marc:subfield>
   </marc:datafield>
   <marc:datafield ind1=" " ind2="1" tag="264">
      <marc:subfield code="a">Köln</marc:subfield>
      <marc:subfield code="b">Kiepenheuer &amp; Witsch</marc:subfield>
      <marc:subfield code="c">2016</marc:subfield>
   </marc:datafield>
   <marc:datafield ind1="1" ind2=" " tag="490">
      <marc:subfield code="a">KiWi</marc:subfield>
   </marc:datafield>
   <marc:datafield ind1="1" ind2=" " tag="520">
      <marc:subfield code="a">Ausgerechnet am Tag nach der keltischen Sommersonnenwende steht Kommissar Dupin bis zu den Knöcheln in Fischabfällen. In der Auktionshalle von Douarnenez liegt die Leiche einer jungen Fischerin von der Île de Sein. Unter Hochdruck ermittelt der Kommissar im äußersten Westen der Bretagne. Werden die alten Schmugglerrouten auf dem Atlantik wieder befahren? Gibt es Beweise für illegale Aktivitäten im Parc Iroise, dem einzigartigen maritimen Naturschutzgebiet, wo Delfine und Wale zu Hause sind? Und was ist von den Mythen des Meeres zu halten, von denen die stolzen Insulaner erzählen?</marc:subfield>
   </marc:datafield>
   <marc:datafield ind1=" " ind2=" " tag="020">
      <marc:subfield code="a">9783462049374</marc:subfield>
      <marc:subfield code="9">9783462049374</marc:subfield>
   </marc:datafield>
   <marc:datafield ind1=" " ind2=" " tag="020">
      <marc:subfield code="a">3462049372</marc:subfield>
      <marc:subfield code="9">3462049372</marc:subfield>
   </marc:datafield>
   <marc:datafield ind1=" " ind2=" " tag="300">
      <marc:subfield code="a">433 S.</marc:subfield>
   </marc:datafield>
</marc:record>
